000 00688 am a2200265ua 4500
999 _c3009
_d3009
001 009463808
003 OSt
005 20230914153818.0
008 950510s1994 enk || 000 d|eng
015 _aGB9530587
_2bnb
020 _a9780856762147
035 _a(UkOxU)O502234241
039 0 _a2339
040 _aUkOxU
_dUk
_cKH8
082 0 4 _a822.914 ISI
_220
100 1 _aIsitt, Debbie,
_eauthor.
245 1 0 _aMatilda liar! /
_cby Debbie Isitt.
260 _aLondon :
_bWarner Chappell Plays,
_c1994.
300 _a83 p. ;
_c20cm.
336 _atext
_2rdacontent
337 _aunmediated
_2rdamedia
338 _avolume
_2rdacarrier
653 1 _aEnglish drama
942 _2ddc
_cTR